Nr. 1 Hits in Deutschland 2003 - Statistiken

Allgemein
  • Dieses Quiz wurde 55 mal gespielt
  • Das Durchschnittsergebnis liegt bei 10 aus 23
Antwortstatistiken
Wochen auf Platz 1 Lied Interpret % Korrekt
1 Woche In da Club 50 Cent
79%
3 Wochen All the Things She Said t.A.T.u.
67%
6 Wochen Shut Up The Black Eyed Peas
67%
1 Woche Ich kenne nichts(das so schön ist wie du) RZA feat. Xavier Naidoo
65%
6 Wochen We Have a Dream Deutschland sucht denSuperstar
63%
7 Wochen Der Steuersong Die Gerd Show
60%
6 Wochen Für dich Yvonne Catterfeld
60%
1 Woche Unrockbar Die Ärzte
58%
3 Wochen Take Me Tonight Alexander
56%
1 Woche No Angel (It’s All in Your Mind) No Angels
56%
2 Wochen You Drive Me Crazy Daniel Küblböck
52%
4 Wochen Where Is the Love? The Black Eyed Peas
52%
1 Woche In the Shadows The Rasmus
50%
1 Woche White Flag Dido
48%
2 Wochen Angel of Berlin Martin Kesici
42%
1 Woche Burger Dance DJ Ötzi feat. Eric Dikeb
38%
2 Wochen Free Like the Wind Alexander
31%
5 Wochen Aïcha Outlandish
23%
2 Wochen Schick mir ’nen Engel Overground
23%
1 Woche Music Is the Key Sarah Connor feat. Naturally 7
23%
1 Woche Everyday Girl Preluders
17%
2 Wochen Never Leave You (Uh Oooh) Lumidee feat. Busta Rhymes& Fabolous
10%
1 Woche Ich denk an dich Pur
0%
Keine übereinstimmenden Quizze gefunden
Verteilung der Resultate
Anzahl Personen mit jedem Resultat
Perzentil nach korrekt beantworteten Fragen
Ihre Resultats-Entwicklung
Sie haben dieses Quiz noch nicht gespielt